LIBRARY ONLINE CATALOGUE

Valuation for financial reporting (Record no. 18920)

MARC details
000 -LEADER
fixed length control field 00631nam a22001937a 4500
008 - FIXED-LENGTH DATA ELEMENTS--GENERAL INFORMATION
fixed length control field 210429b xxu||||| |||| 00| 0 eng d
020 ## - INTERNATIONAL STANDARD BOOK NUMBER
International Standard Book Number 0470534892
050 ## - LIBRARY OF CONGRESS CALL NUMBER
Classification number HF5681
Item number .M37 2011 c.1
100 ## - MAIN ENTRY--PERSONAL NAME
Personal name Mard, Michael J.
245 ## - TITLE STATEMENT
Title Valuation for financial reporting
Remainder of title fair value, business combinations, intangible assets, goodwill, and impairment analysis
Statement of responsibility, etc. Michael J. Mard
250 ## - EDITION STATEMENT
Edition statement 3rd ed.
260 ## - PUBLICATION, DISTRIBUTION, ETC. (IMPRINT)
Place of publication, distribution, etc. Hoboken
Name of publisher, distributor, etc. John Wiley
Date of publication, distribution, etc. 2011
300 ## - PHYSICAL DESCRIPTION
Extent xvii, 280p.
650 ## - SUBJECT ADDED ENTRY--TOPICAL TERM
Topical term or geographic name as entry element Intangible Property
Form subdivision accounting
650 ## - SUBJECT ADDED ENTRY--TOPICAL TERM
Topical term or geographic name as entry element Goodwill
Form subdivision commerce
700 ## - ADDED ENTRY--PERSONAL NAME
Personal name James R. Hitchner
700 ## - ADDED ENTRY--PERSONAL NAME
Personal name Steven D. Hyden
942 ## - ADDED ENTRY ELEMENTS (KOHA)
Source of classification or shelving scheme Library of Congress Classification
Koha item type General Collection
Holdings
Withdrawn status Lost status Source of classification or shelving scheme Not for loan Home library Current library Date acquired Cost, normal purchase price Total Checkouts Full call number Barcode Date last seen Price effective from Koha item type
    Library of Congress Classification   Kabarak, Main Campus Kabarak, Main Campus 29/04/2021 9965.00   HF5681 .M37 2011 c.1 030682 29/04/2021 29/04/2021 General Collection
    Library of Congress Classification   Kabarak, Main Campus Kabarak, Main Campus 29/04/2021 9965.00   HF5681 .M37 2011 c.2 030683 29/04/2021 29/04/2021 General Collection
    Library of Congress Classification   Kabarak, Nakuru City Campus Kabarak, Nakuru City Campus 29/04/2021 9965.00   HF5681 .M37 2011 c.1 030684 29/04/2021 29/04/2021 General Collection